| 000 | 00973nam a22002537a 4500 | ||
|---|---|---|---|
| 005 | 20170124103047.0 | ||
| 010 | _aA-732881 | ||
| 020 | _c00.00 | ||
| 035 | _aA-732881 | ||
| 037 | _bCen Lib/Ret | ||
| 040 |
_aDPL _bHN |
||
| 082 |
_aउ _bठाकुर |
||
| 100 |
_aठाकुर, प्रिति _969322 |
||
| 245 |
_aसुनहरी रेत / _cप्रिति ठाकुर |
||
| 246 |
_aSunehri ret / _bby Priti Thakur |
||
| 260 |
_aनई दिल्ली _bहर-आनन्द पब्लिकेशनस _c1995 |
||
| 270 |
_a364-A, चिराग दिल्ली _bनई दिल्ली _e110017 |
||
| 300 |
_a165पृ. _c20सेमी(सजिल्द) |
||
| 650 |
_aहिंदी साहित्य _x _z _969323 |
||
| 650 |
_aहिंदी -- उपन्यास _969324 |
||
| 650 |
_aHindi literature _v _969325 |
||
| 650 |
_aHindi -- fiction _927248 |
||
| 942 |
_2ddc _cHN _hउ _mठाकुर |
||
| 999 |
_c116970 _d116970 |
||